000 00960nam a2200265 i 4500
001 bg
003 BPK
005 20191012105747.0
008 131224s1969 pl g 001 0 pol
015 _aPB 9744/69
040 _aWA N
_cBPK
080 _a94(438).082.2
080 _a323.2(438)
080 _a327(430)
245 0 0 _aProblemy wojny i okupacji 1939-1944 :
_bzbiór artykułów /
_cpod red. Władysława Góry i Janusza Gołębiowskiego.
260 _aWarszawa :
_bPaństwowe Zakłady Wydawnictw Szkolnych,
_c1969.
300 _a535, [1] s. ;
_c25 cm.
504 _aIndeks.
650 4 _aWojna 1939-1945 r.
_zPolska.
700 1 _aGóra, Władysław
_d(1918- ).
_eRed.
700 1 _aGołębiowski, Janusz W.
_d(1928- ).
_eRed.
710 2 _aPaństwowe Zakłady Wydawnictw Szkolnych
_4pbl.
942 _2UKD
_cKS
856 _uhttp://koha.tu.koszalin.pl/cgi-bin/koha/opac-detail.pl?biblionumber=12014
_yKatalog online BPK
999 _c12014
_d12014